F. W. J. Schelling: Stuttgarti magánelőadások. Attraktor, 2007. recenzió

Elmentve itt :
Bibliográfiai részletek
Szerző: Kruzslicz Anita
Adatforrás:Philobibl
Forrásdokumentuma:Passim
10.2008:1. p. 131-137.
Dokumentumtípus: Cikk
Nyelv:magyar
Kulcsszavak:filozófia, német
idealizmus
LEADER 00386nab a2200121 c 4500
001 bibPHI0035274
005 20200924123445.1
008 091007s2008 hu hun
100 1 |a Kruzslicz Anita 
245 1 0 |a F. W. J. Schelling: Stuttgarti magánelőadások. Attraktor, 2007.  |b recenzió  |c Kruzslicz Anita 
695 |a filozófia, német 
695 |a idealizmus 
773 0 |t Passim  |g 10.2008:1. p. 131-137.